000 00615nam a2200205Ia 4500
008 241004s9999 xx 000 0 und d
020 _a9781032041742
037 _aTextbook
040 _aARTS
_beng
_cARTS
041 _aeng
_2eng
084 _aD65,8(B):3g R1
_qARTS
100 _aMenulty Keith
_9724614
245 _aHandbook of regression modeling in people anaytics: with examples in R and Python
_cMenulty Keith
260 _aUK
_b CRC Press
_c2022
300 _axvi,255p.
365 _aUKP
_b59.99
650 _aEngineering
942 _cTB
_hD65,8(B):3g R1
999 _c1218757
_d1218757